00871cam a2200229 a 45000010009000000050017000090080041000260200031000670200028000980500027001260820017001531000037001702450072002072500012002792600075002913000034003666500027004006500024004277000016004518560083004678560091005501522761120250225164501.0080321s2009 wiua b 001 0 eng  a9780073530277 (alk. paper) a0073530271 (alk. paper)00aHF5549.5.R44bH46 200900a658.3/112221 aHeneman, Herbert Gerhard,d1944-10aStaffing organizations /cHerbert G. Heneman III, Timothy A. Judge. a6th ed. aMiddleton, WI :bMendota House ;aBoston :bMcGraw-Hill Irwin,cc2009. axvi, 751 p. :bill. ;c24 cm. 0aEmployeesxRecruiting. 0aEmployee selection.1 aJudge, Tim.413Table of contents onlyuhttp://www.loc.gov/catdir/toc/ecip0814/2008013238.html423Publisher descriptionuhttp://www.loc.gov/catdir/enhancements/fy0829/2008013238-d.html